000 00662nam a22002297a 4500
003 UA-OsUOA
001 86096
007 ta
008 20120827b un ||||| |||| 00| 0 ukr d
100 _aКрачковский И. Ю.
090 _a94(470+571):81
_bК78
942 _cBK
040 _aUA-OsUOA
_brus
_cUA-OsUOA
_dUA-OsUOA
245 _aОчерки по истории русской арабистики
300 _a298 с.
955 _a1
041 _arus
080 _a94(470+571):81
260 _aМ.
_bИздательство АН СССР
_c1950
650 7 _a9 Географія. Біографії. Історія
_2UDC
999 _c372391
_d372391